Missions: (Record no. 17242)

MARC details
000 -LEADER
fixed length control field 00921nam a2200193 a 4500
003 - CONTROL NUMBER IDENTIFIER
control field PILC
005 - DATE AND TIME OF LATEST TRANSACTION
control field 20241106093722.0
008 - FIXED-LENGTH DATA ELEMENTS--GENERAL INFORMATION
fixed length control field 070321s1971 xx 00 eng d
010 ## - LIBRARY OF CONGRESS CONTROL NUMBER
LC control number Acc#38052
040 ## - CATALOGING SOURCE
Transcribing agency Philippine Baptist Theological Seminary
050 ## - LIBRARY OF CONGRESS CALL NUMBER
Classification number BV 2067
Item number B469 1971
100 10 - MAIN ENTRY--PERSONAL NAME
Personal name Beyerhaus, Peter
245 10 - TITLE STATEMENT
Title Missions:
Remainder of title which way? humanization or redemption /
Statement of responsibility, etc. Peter Beyerhaus; Foreword by Donald McGavran; Preface by Harold Lindsell; translated by Margaret Clarkson.
260 0# - PUBLICATION, DISTRIBUTION, ETC (IMPRINT)
Place of publication, distribution, etc. Grand Rapids, MI :
Name of publisher, distributor, etc. Zondervan,
Date of publication, distribution, etc. c1971.
300 ## - PHYSICAL DESCRIPTION
Extent 120 p. ; 21 cm.
505 ## - FORMATTED CONTENTS NOTE
Formatted contents note The crisis in the classical understanding of mission -- Three answers to this crisis -- The "ecumenical-evangelical" confrontation -- The necessity of a reciprocal corrective -- Where is the ecumenical missionary movement being taken? -- Implications for the German evangelical mission --
650 ## - SUBJECT ADDED ENTRY--TOPICAL TERM
Topical term or geographic name as entry element MISSIONS
942 ## - ADDED ENTRY ELEMENTS (KOHA)
Koha item type Circulation Books
Source of classification or shelving scheme Library of Congress Classification
Holdings
Withdrawn status Lost status Source of classification or shelving scheme Damaged status Not for loan Home library Current library Shelving location Date acquired Cost, normal purchase price Total Checkouts Full call number Barcode Date last seen Date last checked out Price effective from Koha item type
    Dewey Decimal Classification     PBTS Library PBTS Library Circulation Section 03/21/2007 9.00 1 BV 2067 B469 1971 38052 03/18/2026 07/29/2019 04/02/2015 Circulation Books

Philippine Baptist Theological Seminary | 19 Tacay Road, Central Guisad, Baguio City 2600, Philippines